[Event "Corona Open"]
[Site "Biel/Bienne"]
[Date "2020.07.29"]
[Round "9.2"]
[White "Meins, Gerlef"]
[Black "Mathieu, Phileas"]
[Result "1-0"]
[WhiteElo "2415"]
[BlackElo "2214"]
[PlyCount "117"]
[EventDate "2020.07.20"]
[EventCountry "SUI"]
[SourceVersionDate "2020.07.21"]

1. Nf3 c5 2. e4 Nc6 3. Nc3 d6 4. d4 cxd4 5. Nxd4 Nf6 6. Bg5 e6 7. Qd2 Nxd4 8.
Qxd4 Be7 9. O-O-O a6 10. f4 O-O 11. Be2 b5 12. Bxf6 Bxf6 13. Qxd6 Bb7 14. Qxd8
Rfxd8 15. Bf3 Bxc3 16. bxc3 Kf8 17. Kb2 Ke7 18. c4 Rdc8 19. Rd4 Ra7 20. Rhd1
Bc6 21. R1d3 Be8 22. cxb5 axb5 23. e5 Rc5 24. Re3 Rac7 25. c3 Ra7 26. Bd1 Rc6
27. Bb3 Rca6 28. g3 h5 29. h4 g6 30. Red3 Rc7 31. Rb4 Ra8 32. Rdd4 Rca7 33. c4
bxc4 34. Rdxc4 Rd8 35. Rd4 Rda8 36. Rb6 Rc7 37. Rdb4 Rd8 38. Rb7 Rd2+ 39. Ka3
Kd8 40. Rb8+ Rc8 41. Rxc8+ Kxc8 42. Rc4+ Kb7 43. Kb4 Bc6 44. Rc3 Rd4+ 45. Kc5
Rd8 46. Bc4 Kc7 47. Ra3 Bb7 48. Rd3 Ra8 49. Bb5 Bd5 50. a4 Rc8 51. a5 Ra8 52.
a6 Rc8 53. Ra3 Rd8 54. Ra4 Rb8 55. a7 Rc8 56. Ba6 Rd8 57. Bb5 Rc8 58. Ra6 Ba8
59. Rc6+ 1-0

[Event "Corona Open"]
[Site "Biel/Bienne"]
[Date "2020.07.29"]
[Round "9.3"]
[White "Rohrer, Christophe"]
[Black "Buchenau, Frank"]
[Result "0-1"]
[WhiteElo "2235"]
[BlackElo "2278"]
[PlyCount "126"]
[EventDate "2020.07.20"]
[EventCountry "SUI"]
[SourceVersionDate "2020.07.21"]

1. e4 e6 2. d4 d5 3. Nd2 Nf6 4. e5 Nfd7 5. f4 c5 6. c3 Nc6 7. Ndf3 Qb6 8. a3 a5
9. b3 Be7 10. h4 cxd4 11. cxd4 f5 12. h5 O-O 13. h6 Rf7 14. Be3 Nf8 15. hxg7
Rxg7 16. Nh3 Bxa3 17. Kf2 Bb4 18. Nhg5 Bd7 19. g4 Ne7 20. Bd3 fxg4 21. Rh6 gxf3
22. Qh1 Rxg5 23. fxg5 Neg6 24. Qh3 Be8 25. Rh1 Qc7 26. Rc1 Qf7 27. Qxf3 Qxf3+
28. Kxf3 Bc6 29. Rh2 Nd7 30. Kg3 Ndf8 31. Rf2 Be7 32. Ra2 Bb4 33. Rf2 Rd8 34.
Bd2 Bxd2 35. Rxd2 Ne7 36. Ra2 Nf5+ 37. Bxf5 exf5 38. Rxa5 Ne6 39. Rd1 Kf7 40.
b4 Kg6 41. b5 Be8 42. Ra7 Rb8 43. b6 Bc6 44. Ra2 Rf8 45. Rh2 f4+ 46. Kg4 Nxg5
47. e6 Nxe6 48. Rdh1 Rg8 49. Rh6+ Kf7+ 50. Kf3 Rg3+ 51. Kf2 Ng5 52. R1h4 Ne4+
53. Ke1 Rg1+ 54. Ke2 Bb5+ 55. Kf3 Rf1+ 56. Kg4 Bd7+ 57. Kh5 Kg7 58. Rxf4 Rh1+
59. Rh4 Rg1 60. Rf4 Rg5+ 61. Kh4 Rg1 62. Rf7+ Kxf7 63. Rxh7+ Rg7 0-1

[Event "Corona Open"]
[Site "Biel/Bienne"]
[Date "2020.07.29"]
[Round "9.4"]
[White "Youssoupov, Moisse"]
[Black "Gschnitzer, Adrian"]
[Result "0-1"]
[WhiteElo "2333"]
[BlackElo "2404"]
[PlyCount "76"]
[EventDate "2020.07.20"]
[EventCountry "SUI"]
[SourceVersionDate "2020.07.21"]

1. c4 c5 2. g3 Nf6 3. Bg2 d5 4. cxd5 Nxd5 5. Nc3 Nc7 6. d3 e5 7. Nf3 Nc6 8. Nd2
Be7 9. Bxc6+ bxc6 10. Qa4 Bd7 11. Nc4 f6 12. Ne4 O-O 13. f4 exf4 14. Bxf4 Ne6
15. Be3 f5 16. Ned2 f4 17. gxf4 Nxf4 18. Bxf4 Rxf4 19. O-O-O Qc7 20. Rhf1 Raf8
21. Rxf4 Rxf4 22. Rf1 Bg5 23. Kc2 h5 24. Rxf4 Bxf4 25. h4 Bg4 26. e3 Bg3 27.
Ne4 Bxh4 28. Ncd6 Be6 29. Qa3 Be7 30. Nc4 h4 31. Qc3 h3 32. Qe1 Bxc4 33. dxc4
Qh2+ 34. Kd3 Qxb2 35. Nd2 Bd8 36. Qf1 Ba5 37. Nb3 Qg2 38. Qf5 h2 0-1

[Event "Corona Open"]
[Site "Biel/Bienne"]
[Date "2020.07.29"]
[Round "9.5"]
[White "Kamber, Bruno"]
[Black "Pham, Khoi"]
[Result "0-1"]
[WhiteElo "2290"]
[BlackElo "2048"]
[PlyCount "70"]
[EventDate "2020.07.20"]
[EventCountry "SUI"]
[SourceVersionDate "2020.07.21"]

1. e4 c5 2. Nf3 d6 3. Bb5+ Nd7 4. d4 cxd4 5. Qxd4 Ngf6 6. e5 dxe5 7. Nxe5 a6 8.
Bxd7+ Nxd7 9. Nc3 Nxe5 10. Qxe5 e6 11. Be3 Qd6 12. Qxd6 Bxd6 13. O-O-O Be7 14.
Ne4 Bd7 15. Nd6+ Bxd6 16. Rxd6 Bc6 17. f3 e5 18. Bc5 f6 19. Re6+ Kf7 20. Re7+
Kg6 21. h4 h5 22. Rh3 Rhg8 23. g4 Rae8 24. Rxe8 Rxe8 25. Rg3 Rh8 26. gxh5+ Kf7
27. Rh3 Rxh5 28. Kd2 e4 29. Bf2 exf3 30. c4 g5 31. Ke3 g4 32. Rg3 Re5+ 33. Kd3
Re2 34. Be3 f5 35. h5 Be4+ 0-1

[Event "Corona Open"]
[Site "Biel/Bienne"]
[Date "2020.07.29"]
[Round "9.7"]
[White "Contin, Daniel"]
[Black "Baenziger, Fabian"]
[Result "0-1"]
[WhiteElo "2251"]
[BlackElo "2403"]
[PlyCount "82"]
[EventDate "2020.07.20"]
[EventCountry "SUI"]
[SourceVersionDate "2020.07.21"]

1. c4 e5 2. Nc3 Nf6 3. Nf3 Nc6 4. g3 d5 5. cxd5 Nxd5 6. Bg2 Bc5 7. O-O O-O 8.
Nxe5 Nxc3 9. Nxc6 Bxf2+ 10. Kh1 Nxd1 11. Nxd8 Bg4 12. Bf3 Bxf3+ 13. exf3 Raxd8
14. Rxd1 Rfe8 15. d3 Re2 16. Bf4 c6 17. Rab1 f6 18. a3 g5 19. Rd2 Rxd2 20. Bxd2
Rxd3 21. Bc3 Kf7 22. Kg2 Bd4 23. Bxd4 Rxd4 24. g4 Rd3 25. b3 a5 26. b4 a4 27.
b5 Rb3 28. Rd1 Rxb5 29. Rd4 Rb2+ 30. Kg3 b5 31. Rd7+ Kg6 32. h4 gxh4+ 33. Kxh4
Rh2+ 34. Kg3 Ra2 35. f4 Rxa3+ 36. Kh4 Ra1 37. f5+ Kh6 38. Rf7 Rh1+ 39. Kg3 a3
40. Rxf6+ Kg5 41. Rxc6 a2 0-1

[Event "Corona Open"]
[Site "Biel/Bienne"]
[Date "2020.07.29"]
[Round "9.8"]
[White "Steibel, Julien"]
[Black "Fecker, Noah"]
[Result "0-1"]
[WhiteElo "1989"]
[BlackElo "2346"]
[PlyCount "68"]
[EventDate "2020.07.20"]
[EventCountry "SUI"]
[SourceVersionDate "2020.07.21"]

1. e4 c5 2. Ne2 Nc6 3. Nbc3 e6 4. d4 cxd4 5. Nxd4 Qc7 6. g3 a6 7. Bg2 h5 8. h4
Nf6 9. Nde2 Bc5 10. f3 b5 11. Bf4 d6 12. Qd2 Ne5 13. b3 Qb6 14. Nd1 b4 15. Be3
Bb7 16. Bxc5 Qxc5 17. c4 d5 18. exd5 exd5 19. f4 Neg4 20. Rc1 O-O 21. cxd5 Qb6
22. Rc4 a5 23. Rd4 Rfe8 24. Nb2 Ne3 25. Bf3 Nc2+ 26. Qxc2 Qxd4 27. Qd2 Qxd2+
28. Kxd2 Bxd5 29. Bxd5 Rad8 30. Nc1 Nxd5 31. Nbd3 Nc3 32. a4 Ne4+ 33. Kc2 Nxg3
34. Rh2 Nf5 0-1

[Event "Corona Open"]
[Site "Biel/Bienne"]
[Date "2020.07.29"]
[Round "9.9"]
[White "Emmenecker, Pierre-Antoine"]
[Black "Adrian, Claude"]
[Result "0-1"]
[WhiteElo "2172"]
[BlackElo "2246"]
[PlyCount "44"]
[EventDate "2020.07.20"]
[EventCountry "SUI"]
[SourceVersionDate "2020.07.21"]

1. e4 c5 2. Nf3 g6 3. c4 Bg7 4. d4 cxd4 5. Nxd4 Nc6 6. Be3 Nh6 7. Be2 d6 8. Nc3
f5 9. Bxh6 Bxh6 10. exf5 Qb6 11. Nxc6 bxc6 12. O-O Bxf5 13. Bd3 O-O 14. Na4 Qa5
15. b3 Rf7 16. Bxf5 Qxf5 17. g3 Raf8 18. f4 Bg7 19. Rc1 g5 20. Qe2 Qh3 21. Rf3
gxf4 22. gxf4 Qg4+ 0-1

[Event "Corona Open"]
[Site "Biel/Bienne"]
[Date "2020.07.29"]
[Round "9.10"]
[White "Saya, Ethan"]
[Black "Dammann, Jorn"]
[Result "1/2-1/2"]
[WhiteElo "2199"]
[BlackElo "1850"]
[PlyCount "117"]
[EventDate "2020.07.20"]
[EventCountry "SUI"]
[SourceVersionDate "2020.07.21"]

1. e4 e5 2. Nf3 Nf6 3. Nxe5 d6 4. Nf3 Nxe4 5. Nc3 Nxc3 6. dxc3 Be7 7. Be3 Nc6
8. Qd2 Be6 9. Be2 Qd7 10. O-O-O Bf6 11. Nd4 Nxd4 12. Bxd4 Qa4 13. a3 Bxd4 14.
Qxd4 Qxd4 15. cxd4 O-O-O 16. Bf3 c5 17. Rhe1 Rde8 18. Re3 b6 19. Bc6 Bd7 20.
Bxd7+ Kxd7 21. dxc5 bxc5 22. Rde1 Rxe3 23. Rxe3 Re8 24. Rf3 f6 {(=)} 25. Rg3 g6
26. Rf3 f5 27. Rh3 Re7 28. c4 Kc6 29. Kd2 d5 30. cxd5+ Kxd5 31. Rd3+ Kc6 32.
Rc3 Kd5 33. b3 a5 34. Rd3+ Kc6 35. Rd8 a4 36. bxa4 Ra7 37. Rh8 Kd5 38. Kc3 Rxa4
39. Kb3 Ra7 40. Rd8+ Ke4 41. Rd2 c4+ 42. Kxc4 Rxa3 43. Re2+ Kf4 44. Kd5 Ra1 45.
Re3 Ra2 46. Rf3+ Kg5 47. Ke6 f4 48. Ke5 Re2+ 49. Kd4 Kf5 50. h3 g5 51. g3 h5
52. Ra3 Rd2+ 53. Kc3 Rxf2 54. Ra5+ Ke4 55. Rxg5 f3 56. Rg8 Rg2 57. Re8+ Kd5 58.
Kd3 Rxg3 59. Ke3 1/2-1/2

[Event "Corona Open"]
[Site "Biel/Bienne"]
[Date "2020.07.29"]
[Round "9.11"]
[White "Schulz, Michael"]
[Black "Karsay, Pascal"]
[Result "0-1"]
[WhiteElo "2132"]
[BlackElo "2304"]
[PlyCount "92"]
[EventDate "2020.07.20"]
[EventCountry "SUI"]
[SourceVersionDate "2020.07.21"]

1. d4 Nf6 2. Bg5 e6 3. Nd2 c5 4. e3 cxd4 5. exd4 Be7 6. Ngf3 d6 7. c3 Nbd7 8.
h3 b6 9. Qa4 O-O 10. Ba6 Qc7 11. O-O Rb8 12. Qc4 Qxc4 13. Bxc4 Bb7 14. Rfe1 {
(=)} Rfc8 15. a4 Bxf3 16. gxf3 Nf8 17. h4 Ng6 18. h5 Nxh5 19. Bxe7 Nxe7 20. Ba6
Rc7 21. c4 Nc6 22. c5 Nb4 23. cxd6 Rd7 24. Bc4 Nc2 25. Ne4 Nxa1 26. Rxa1 Rdd8
27. d5 e5 28. Bb5 f5 29. Ng5 Rxd6 30. Ne6 Nf6 31. Re1 Rc8 32. Rxe5 Rxd5 33. Re1
h6 34. b3 Kh7 35. Nf4 Rdc5 36. Bd3 Rc1 37. Bxf5+ Kg8 38. Be6+ Kf8 39. Rxc1
Rxc1+ 40. Kg2 g5 41. Nd3 Rc3 42. Bc4 Nd7 43. f4 Nc5 44. Ne5 Nxb3 45. f5 Kg7 46.
Be6 Nc5 0-1

[Event "Corona Open"]
[Site "Biel/Bienne"]
[Date "2020.07.29"]
[Round "9.12"]
[White "Ermitsch, Magnus"]
[Black "Pahud, Cedric"]
[Result "0-1"]
[WhiteElo "2000"]
[BlackElo "2225"]
[PlyCount "110"]
[EventDate "2020.07.20"]
[EventCountry "SUI"]
[SourceVersionDate "2020.07.21"]

1. e4 c5 2. Nf3 Nc6 3. d4 cxd4 4. Nxd4 g6 5. c4 Nf6 6. Nc3 d6 7. Be2 Nxd4 8.
Qxd4 Bg7 9. Be3 O-O 10. Qd2 Be6 11. O-O Qa5 12. b3 Rfc8 13. Rac1 a6 14. f3 b5
15. Nd5 Qxd2 16. Bxd2 Nxd5 17. cxd5 Bd4+ 18. Kh1 Bd7 19. Rfd1 Bb2 20. Rb1 Bc3
21. Bxc3 Rxc3 22. Rd2 f5 23. Kg1 fxe4 24. fxe4 Kg7 25. Bd3 Rf8 26. Rf1 Rf6 27.
h3 Kf7 28. Be2 Rxf1+ 29. Bxf1 Bc8 30. Kf2 Kf6 31. Bd3 Ke5 32. Ke3 e6 33. dxe6
Bxe6 34. Rf2 {(=)} Rc7 35. Rf8 Rc8 36. Rxc8 Bxc8 37. a3 g5 38. Be2 Be6 39. b4
Bf7 40. g3 Be6 41. Bg4 Bxg4 42. hxg4 d5 43. exd5 Kxd5 44. Kd3 h6 45. Kc3 Ke4
46. a4 bxa4 47. Kb2 Kf3 48. Ka3 Kxg3 49. Kxa4 Kxg4 50. Ka5 h5 51. Kxa6 h4 52.
b5 h3 53. b6 h2 54. b7 h1=R 55. b8=Q Ra1+ 0-1

[Event "Corona Open"]
[Site "Biel/Bienne"]
[Date "2020.07.29"]
[Round "9.13"]
[White "Zecirovic, Giacomo"]
[Black "Jovanovic, Sladjan"]
[Result "0-1"]
[WhiteElo "1813"]
[BlackElo "2176"]
[PlyCount "102"]
[EventDate "2020.07.20"]
[EventCountry "SUI"]
[SourceVersionDate "2020.07.21"]

1. e4 d6 2. d4 Nf6 3. Nc3 Nbd7 4. Nf3 e5 5. Bc4 Be7 6. a4 O-O 7. O-O a5 8. Re1
c6 9. h3 exd4 10. Qxd4 Qb6 11. Be3 Qxd4 12. Bxd4 Ne8 13. Rad1 Nc7 14. Ba2 Ne6
15. Be3 Ndc5 16. Nd4 Nxd4 17. Bxd4 Ne6 18. Be3 g5 19. g3 Ng7 20. Kh2 Be6 21.
Bxe6 fxe6 22. Re2 Ne8 23. f4 h6 24. Bc1 Rd8 25. f5 exf5 26. exf5 Kf7 27. Re6
Ng7 28. Rxh6 Nxf5 {(=)} 29. Rf1 Kg7 30. Re6 Rd7 31. Rfe1 d5 32. Kg2 {(=)} Bd8
33. R6e5 Bc7 34. Re6 Bxg3 35. R1e2 Bh4 36. R2e5 Rdf7 37. b3 Nd4 38. Re7 Kg6 39.
Be3 Rxe7 40. Rxe7 Nf5 41. Re6+ Kf7 42. Re5 Kf6 43. Bc5 Kxe5 44. Bxf8 Ne3+ 45.
Kf3 Nxc2 46. Ne2 Nd4+ 47. Ke3 Nxe2 48. Kxe2 Kd4 49. Kd2 Bg3 50. Bh6 Bf4+ 51.
Kc2 Ke4 0-1

[Event "Corona Open"]
[Site "Biel/Bienne"]
[Date "2020.07.29"]
[Round "9.14"]
[White "Thomas, Jeremy"]
[Black "Cahen, Alexis"]
[Result "0-1"]
[WhiteElo "1914"]
[BlackElo "2125"]
[PlyCount "74"]
[EventDate "2020.07.20"]
[EventCountry "SUI"]
[SourceVersionDate "2020.07.21"]

1. e4 c5 2. Nf3 d6 3. d4 cxd4 4. Nxd4 Nf6 5. Nc3 g6 6. Be3 Bg7 7. f3 O-O 8. Qd2
Nc6 9. Bc4 Bd7 10. Bb3 Qa5 11. O-O-O Ne5 12. Kb1 Rfc8 13. h4 Nc4 14. Bxc4 Rxc4
15. Nb3 Qa6 16. Bd4 Be6 17. h5 Rac8 18. hxg6 hxg6 19. g4 b5 20. g5 Nh5 21. Bxg7
Kxg7 22. Rc1 Qb6 23. Ne2 Ra4 24. Nf4 Qa6 25. Nxh5+ gxh5 26. Rxh5 Bxb3 27. cxb3
Rxc1+ 28. Qxc1 Rxa2 29. Qc3+ e5 30. f4 b4 31. Qd2 Ra1+ 32. Kc2 Qc8+ 33. Kd3 Qg4
34. Qh2 Qf3+ 35. Kc4 Qxe4+ 36. Kb5 Qd5+ 37. Kxb4 Qc5# 0-1

[Event "Corona Open"]
[Site "Biel/Bienne"]
[Date "2020.07.29"]
[Round "9.15"]
[White "Jepsen, Thomas Tange"]
[Black "Famel, Edouard"]
[Result "1-0"]
[WhiteElo "2116"]
[BlackElo "1934"]
[PlyCount "121"]
[EventDate "2020.07.20"]
[EventCountry "SUI"]
[SourceVersionDate "2020.07.21"]

1. d4 e6 2. c4 b6 3. Nc3 Bb7 4. e3 f5 5. Nf3 Nf6 6. Be2 Bb4 7. Qb3 Nc6 8. O-O
Bxc3 9. Qxc3 O-O 10. b4 Ne7 11. Ba3 Re8 12. Ne5 d6 13. Nd3 Ng6 14. Nf4 Ne4 15.
Qe1 Qg5 16. Nxg6 hxg6 17. f4 Qe7 18. Bf3 g5 19. Bh5 Rf8 20. h3 gxf4 21. exf4 g6
22. Bf3 Rf7 23. Bb2 Rh7 24. Rd1 c5 25. dxc5 bxc5 26. Bxe4 Bxe4 27. Qg3 Kf7 28.
bxc5 dxc5 29. Be5 Rd8 30. Qb3 Rd7 31. Rxd7 Qxd7 32. Rd1 Qc8 33. Qb5 Kg8 34. Bf6
Rb7 35. Qa6 Kf7 36. Be5 Qc6 37. Qa5 Rd7 38. Rxd7+ Qxd7 39. Qxc5 Qb7 40. Qc7+
Qxc7 41. Bxc7 Ke7 42. c5 Kd7 43. Bd6 Bd5 44. a3 Kc6 45. Kf2 Kb5 46. g3 a6 47.
Ke3 Bg2 48. Kd4 Kc6 49. h4 Bf3 50. Ke5 Kd7 51. Kf6 Bh5 52. Bf8 Kc7 53. Kxe6 Bf3
54. Kf6 Bh5 55. Bd6+ Kd7 56. Be5 Kc6 57. Bd6 Kd7 58. Kg5 Ke6 59. g4 fxg4 60.
f5+ Kf7 61. Bg3 1-0

[Event "Corona Open"]
[Site "Biel/Bienne"]
[Date "2020.07.29"]
[Round "9.16"]
[White "Perestjuk, Marko"]
[Black "Rempe, Jonas"]
[Result "1-0"]
[WhiteElo "2116"]
[BlackElo "1801"]
[PlyCount "61"]
[EventDate "2020.07.20"]
[EventCountry "SUI"]
[SourceVersionDate "2020.07.21"]

1. e4 e5 2. Nf3 Nc6 3. Bb5 a6 4. Ba4 Nf6 5. O-O Be7 6. Re1 b5 7. Bb3 O-O 8. a4
b4 9. d4 d6 10. dxe5 dxe5 11. Nbd2 Re8 12. h3 Bf8 13. Qe2 Qe7 14. Bc4 Na5 15.
Ba2 Be6 16. Bxe6 Qxe6 17. b3 Qc6 18. Nf1 g6 19. Bb2 Nd7 20. Rad1 Qe6 21. Rd5
Nc6 22. Red1 Nb6 23. Ne3 Nd4 24. Bxd4 exd4 25. R5xd4 Bc5 26. a5 Bxd4 27. Nxd4
Qxe4 28. axb6 cxb6 29. Qc4 Qe7 30. Nc6 Qc5 31. Nxb4 1-0

[Event "Corona Open"]
[Site "Biel/Bienne"]
[Date "2020.07.29"]
[Round "9.17"]
[White "Schimmer, Michael"]
[Black "Emmenecker, Philippe"]
[Result "0-1"]
[WhiteElo "1776"]
[BlackElo "2100"]
[PlyCount "126"]
[EventDate "2020.07.20"]
[EventCountry "SUI"]
[SourceVersionDate "2020.07.21"]

1. e4 e5 2. Nf3 Nc6 3. Bb5 Bc5 4. c3 Nf6 5. d4 Bb6 6. O-O O-O 7. d5 Ne7 8. Bd3
d6 9. Nbd2 c6 10. dxc6 bxc6 11. Nc4 Bc7 12. Bg5 Ng6 13. Qa4 Bd7 14. Qc2 h6 15.
Bd2 Nh5 16. Ne3 Ngf4 17. Bc4 Qf6 18. Qd1 Rad8 19. Rc1 Bc8 20. Rc2 g6 21. Re1 {
(=)} d5 22. exd5 cxd5 23. Bf1 e4 24. Nd4 Qh4 25. g3 Nh3+ 26. Bxh3 Qxh3 27. Nf1
Nf6 28. Qc1 Ng4 29. Bf4 Bb6 30. Nb5 Bd7 31. c4 Bxb5 32. cxb5 Rd7 33. Ree2 f5
34. Rc6 Kh7 35. Rxg6 Qh5 36. Rxg4 fxg4 37. Qc6 Rfd8 38. Ne3 Bxe3 39. Rxe3 Qg6
40. Rc3 d4 41. Qxg6+ Kxg6 42. Rc6+ Kf7 43. Kf1 Rd5 44. Rxh6 Rxb5 45. b3 a5 46.
h3 gxh3 47. Rxh3 Rc8 48. Rh7+ Ke6 49. Rh6+ Kf7 50. Rh7+ Kg8 51. Re7 Rc2 52.
Rxe4 Rxa2 53. Rxd4 Rxb3 54. Be5 a4 55. Rd8+ Kf7 56. Kg2 Re2 57. Ra8 Rxe5 58.
Rxa4 Rf5 59. Ra2 Kg6 60. Rc2 Kg5 61. Ra2 Rfb5 62. Rc2 Rb2 63. Rc4 Rf5 0-1

[Event "Corona Open"]
[Site "Biel/Bienne"]
[Date "2020.07.29"]
[Round "9.18"]
[White "Krivenko, Dion"]
[Black "Bruessow, Jakob"]
[Result "1-0"]
[WhiteElo "2046"]
[BlackElo "1779"]
[PlyCount "145"]
[EventDate "2020.07.20"]
[EventCountry "SUI"]
[SourceVersionDate "2020.07.21"]

1. e4 c5 2. Nf3 d6 3. d4 cxd4 4. Qxd4 a6 5. Be2 Nc6 6. Qe3 g6 7. O-O Bg7 8. h3
Qc7 9. c4 Nf6 10. Nc3 O-O 11. Rb1 b6 12. b4 Bb7 13. a3 Rfc8 14. Bb2 Rab8 15.
Rfc1 Qd8 16. Nd5 Nd7 17. Bxg7 Kxg7 18. Rd1 Ba8 19. Nd2 Kg8 20. f4 Qf8 21. Nf3
f6 22. Nh4 Nd8 23. Nf3 Nc6 24. Rd2 Qe8 25. Nh2 Nd8 26. Rf1 e6 27. Nc3 Nf7 28.
Qg3 Qe7 29. h4 Kh8 30. Rfd1 Rc7 31. a4 Rbc8 32. h5 Rg8 33. Qe3 e5 34. Nd5 Bxd5
35. Rxd5 Re8 36. hxg6 hxg6 37. f5 g5 38. Bh5 Rxc4 39. Bxf7 Qxf7 40. Rxd6 Re7
41. Ng4 Qh5 42. Nf2 Rc7 43. R1d3 Rh7 44. Qd2 Qf7 45. Re6 Qf8 46. Rh3 Rxh3 47.
gxh3 Kg8 48. Ng4 Kf7 49. Nf2 Kg8 50. Rd6 Qf7 51. Ng4 Kf8 52. Qd1 Kg7 53. Qd2
Kf8 54. Ne3 Kg7 55. Nd5 Rb7 56. Re6 Qf8 57. Qd1 Qh8 58. Kg2 Qh4 59. Qe2 Kf7 60.
Re7+ Kf8 61. Re6 Kf7 62. Qf3 Kg7 63. Re7+ Kf8 64. Re6 Kf7 65. Qe2 Kg7 66. Re7+
Kf8 67. Qc4 Rb8 68. Rxd7 g4 69. Nf4 gxh3+ 70. Nxh3 Qh5 71. Qd3 Qg4+ 72. Kh2 Ke8
73. Rh7 1-0

[Event "Corona Open"]
[Site "Biel/Bienne"]
[Date "2020.07.29"]
[Round "9.19"]
[White "Wenger, Arejou"]
[Black "Borner, Daniel"]
[Result "0-1"]
[WhiteElo "1831"]
[BlackElo "2154"]
[PlyCount "46"]
[EventDate "2020.07.20"]
[EventCountry "SUI"]
[SourceVersionDate "2020.07.21"]

1. e4 g6 2. Nc3 Bg7 3. f4 c5 4. Nf3 Nc6 5. Bb5 Nd4 6. O-O e6 7. d3 Ne7 8. Ba4
a6 9. Be3 b5 10. Bb3 O-O 11. Qe1 Nec6 12. Qg3 b4 13. Qe1 bxc3 14. bxc3 Nxf3+
15. Rxf3 d6 16. Ba4 Bd7 17. Rh3 h5 18. f5 exf5 19. exf5 Ne5 20. Bxd7 Qxd7 21.
fxg6 fxg6 22. Rg3 Rae8 23. h3 h4 0-1

[Event "Corona Open"]
[Site "Biel/Bienne"]
[Date "2020.07.29"]
[Round "9.20"]
[White "Carre, Sylvain"]
[Black "Pellicoro, Nathalie"]
[Result "1-0"]
[WhiteElo "2106"]
[BlackElo "1856"]
[PlyCount "95"]
[EventDate "2020.07.20"]
[EventCountry "SUI"]
[SourceVersionDate "2020.07.21"]

1. c4 Nf6 2. Nc3 c5 3. g3 d5 4. cxd5 Nxd5 5. Bg2 Nc7 6. b3 Nc6 7. Ba3 e5 8. Rc1
Na6 9. d3 Qd7 10. Nf3 f6 11. O-O b6 12. e3 Be7 13. d4 exd4 14. exd4 Bb7 15.
dxc5 Nxc5 16. Qxd7+ Nxd7 17. Rfe1 Kf7 18. Bxe7 Nxe7 19. Ng5+ fxg5 20. Bxb7 Rab8
21. Ba6 Rhd8 22. Ne4 h6 23. Rc7 Kf8 24. Bb5 Ne5 25. Nxg5 Rd5 26. Ne6+ Kf7 27.
Nd4 Rxb5 28. Nxb5 Nf3+ 29. Kf1 Nxe1 30. Kxe1 a6 31. Nd4 Rc8 32. Rxc8 Nxc8 33.
Kd2 Nd6 34. Kd3 g5 35. h3 Kf6 36. Nc6 Kf5 37. Ke3 h5 38. Nb4 a5 39. Nd5 b5 40.
Ne7+ Ke6 41. Nc6 a4 42. Kd4 axb3 43. axb3 h4 44. g4 Ne8 45. Nd8+ Ke7 46. Nb7
Nf6 47. Ke5 Kf7 48. Kf5 1-0

[Event "Corona Open"]
[Site "Biel/Bienne"]
[Date "2020.07.29"]
[Round "9.21"]
[White "Spanton, Tim R"]
[Black "Adrian, Leopold"]
[Result "0-1"]
[WhiteElo "1855"]
[BlackElo "2061"]
[PlyCount "162"]
[EventDate "2020.07.20"]
[EventCountry "SUI"]
[SourceVersionDate "2020.07.21"]

1. e4 e6 2. d4 d5 3. exd5 exd5 4. Nf3 Bg4 5. Bd3 Nc6 6. c3 Bd6 7. O-O Nge7 8.
Re1 Qd7 9. Nbd2 O-O-O 10. b4 Rde8 11. Nb3 Nf5 12. Be3 f6 13. Nc5 Bxc5 14. bxc5
Na5 15. h3 Nxe3 16. Rxe3 Rxe3 17. fxe3 Bf5 18. Nh4 Be4 19. Qf1 Re8 20. Bb5 c6
21. Bd3 Nc4 22. Bxc4 dxc4 23. Re1 Bd3 24. Qf2 b6 25. cxb6 axb6 26. Nf3 Kb7 27.
Kh1 Qf5 28. Qg3 g5 29. Qd6 h5 30. d5 Qxd5 31. Qxf6 g4 32. hxg4 hxg4 33. Qg7+
Ka6 34. Qxg4 Be4 35. Ng5 Bxg2+ 36. Qxg2 Rh8+ 37. Kg1 Rg8 38. Qxd5 cxd5 39. Kf2
Rxg5 40. e4 dxe4 41. Rxe4 b5 42. Re8 Rh5 43. Ke3 Rh3+ 44. Kd2 Rh1 45. Re1 Rh2+
46. Re2 Rh1 47. Re1 Rh5 48. Re2 Kb6 49. Kc2 Kc5 50. Rd2 Rh3 51. Kb2 Rh5 52. Kc2
Rg5 53. Kb2 Rd5 54. Kc2 Rf5 55. Kb2 b4 56. cxb4+ Kxb4 57. a3+ Kc5 58. Rc2 Rf3
59. Rc3 Rf2+ 60. Rc2 Rf8 61. Rd2 Rf3 62. Rd8 Rh3 63. Rc8+ Kd4 64. Rd8+ Ke4 65.
Rc8 Kd3 66. Rd8+ Ke2 67. Re8+ Kd2 68. Rc8 c3+ 69. Ka2 Rd3 70. Kb1 Rd7 71. a4
Rb7+ 72. Ka2 c2 73. Rd8+ Kc1 74. Rc8 Rb1 75. Rc7 Kd2 76. a5 c1=Q 77. Rxc1 Kxc1
78. Ka3 Kc2 79. Ka4 Kc3 80. a6 Kc4 81. Ka5 Kc5 0-1

[Event "Corona Open"]
[Site "Biel/Bienne"]
[Date "2020.07.29"]
[Round "9.22"]
[White "Keymer, Cecilia"]
[Black "Decker, Nils"]
[Result "0-1"]
[WhiteElo "1563"]
[BlackElo "2047"]
[PlyCount "116"]
[EventDate "2020.07.20"]
[EventCountry "SUI"]
[SourceVersionDate "2020.07.21"]

1. d4 d5 2. c4 e6 3. Nc3 c6 4. e3 Bd6 5. Nf3 f5 6. Bd3 Nf6 7. Qc2 Ne4 8. O-O
O-O 9. Ne5 Nd7 10. f3 Nef6 11. f4 Ne4 12. c5 Bc7 13. b4 Rf6 14. b5 Nxe5 15.
fxe5 Rh6 16. Rf3 Qh4 17. g3 Qh3 18. Bxe4 fxe4 19. Rf4 Bd7 20. a4 Be8 21. Qf2
Bg6 22. Bd2 Bf5 23. Qg2 g5 24. Qxh3 Rxh3 25. Rf2 h5 26. Kg2 g4 27. Ne2 h4 28.
Nf4 hxg3 29. hxg3 Rh8 30. Rh1 Kf7 31. Rff1 Ke7 32. Rb1 Kd7 33. Rhc1 Rh7 34. Rh1
Rhh8 35. Rhc1 Rh7 36. Rh1 Rah8 37. Rxh7+ Rxh7 38. b6 axb6 39. cxb6 Bd8 40. a5
Kc8 41. Bb4 {(=)} Be7 42. Bd2 Rh8 43. Rc1 Kd7 44. Ra1 Ra8 45. Ra2 c5 46. Rc2
Rc8 47. Ra2 Ra8 48. Rc2 Rc8 49. Ra2 Kc6 50. Rb2 Rh8 51. Bc3 cxd4 52. exd4 e3
53. Kf1 Rh1+ 54. Ke2 Ba3 55. Rb3 Bc1 56. Bb4 Be4 57. Bc3 Rh2+ 58. Kf1 Bf3 0-1

[Event "Corona Open"]
[Site "Biel/Bienne"]
[Date "2020.07.29"]
[Round "9.23"]
[White "Ohler, Julius"]
[Black "Smeets, Kobe"]
[Result "1-0"]
[WhiteElo "2024"]
[BlackElo "1755"]
[PlyCount "83"]
[EventDate "2020.07.20"]
[EventCountry "SUI"]
[SourceVersionDate "2020.07.21"]

1. c4 Nf6 2. Nc3 g6 3. e4 d6 4. g3 Bg7 5. Bg2 O-O 6. Nge2 Nbd7 7. O-O h5 8. d3
e5 9. Bg5 c6 10. Qd2 Nc5 11. h3 Ne6 12. Bh6 Nh7 13. Bxg7 Kxg7 14. d4 h4 15. g4
Qf6 16. f4 exd4 17. g5 Nhxg5 18. fxg5 Qxg5 19. Qxg5 Nxg5 20. Nxd4 Nxh3+ 21.
Bxh3 Bxh3 22. Rf3 Bd7 23. Raf1 Rae8 24. Rf6 Be6 25. Nxe6+ fxe6 26. e5 dxe5 27.
Ne4 Rxf6 28. Rxf6 g5 29. Kg2 g4 30. b3 b5 31. c5 a5 32. Rf1 Rf8 33. Rxf8 Kxf8
34. Nf6 g3 35. Nd7+ Ke7 36. Nxe5 Kd8 37. a3 Kc7 38. b4 axb4 39. axb4 Kb7 40.
Nf3 Kc8 41. Nxh4 Kd7 42. Nf3 1-0

[Event "Corona Open"]
[Site "Biel/Bienne"]
[Date "2020.07.29"]
[Round "9.24"]
[White "Jakhari, Ansh"]
[Black "Ernst, Heinz"]
[Result "1/2-1/2"]
[WhiteElo "1908"]
[BlackElo "1830"]
[PlyCount "108"]
[EventDate "2020.07.20"]
[EventCountry "SUI"]
[SourceVersionDate "2020.07.21"]

1. e4 c6 2. Nf3 d5 3. Nc3 Bg4 4. h3 Bh5 5. exd5 cxd5 6. Bb5+ Nc6 7. g4 Bg6 8.
Ne5 Rc8 9. h4 h5 10. d4 e6 11. Bg5 Nge7 12. Nxg6 fxg6 13. Qd3 Kf7 14. gxh5 Rxh5
15. O-O-O Kg8 16. Qe2 Qd7 17. Bxe7 Qxe7 18. Qg4 Qf7 19. Bd3 Ne7 20. Ne2 Nf5 21.
Nf4 Rh6 22. Rde1 Re8 23. Bb5 Re7 24. Nd3 a6 25. Ne5 Qf6 26. Bd3 Rxh4 27. Rxh4
Qxh4 28. Bxf5 Qh6+ 29. f4 gxf5 30. Qf3 g5 31. Rh1 g4 32. Rxh6 gxf3 33. Rh3 f2
34. Rf3 Bg7 35. Rxf2 Bxe5 36. dxe5 Rg7 37. Kd2 Kf7 38. Ke3 Ke7 39. Kd4 Kd7 40.
c4 dxc4 41. Kxc4 Rg4 42. Kd4 Rh4 43. Rd2 Ke7 44. Ke3 Rh3+ 45. Ke2 Rh2+ 46. Kd1
Rh1+ 47. Kc2 Rf1 48. Rd4 Rf3 49. Kd2 Rf2+ 50. Kc3 Rf3+ 51. Kc4 Rf2 52. Kc3 Rf3+
53. Kb4 Rf2 54. Kc3 Rf3+ 1/2-1/2